000 01843nam0a2200349 4500
001 RU\NLR\bibl\2050453
005 201402171124
010 _a978-5-905216-07-7
_9500
021 _aRU
_b2013-44418
_93083
035 _a(NLR Aleph) 002037504
035 _a(nilc)RuMoRGB-006591219
090 _a4579997
_c4579997
100 _a20130610d2013 u y0rusy50 ca
101 1 _arus
_ager
_cund
102 _aRU
105 _ay |||||||||
200 1 _aСвобода выражения мнения и свобода творчества
_eсборник судебных актов [постановлений Европейского Суда по правам человека, решений Федерального конституционного суда Германии и российских судов]
_fАвтоном. некоммерч. орг. "Юристы за конституц. права и свободы"
_g[подгот.: Нугаева С.Ю., Соболева А.К., к.филол.н., доц.
_gпер. текстов: Шабанова М.В., Королева Е.А., юрист]
210 _aМосква
_cЮстиция
_d2013
215 _a199 с.
_d21
300 _aЧасть текста на нем. яз.
606 1 _aСвобода творчества
_2nlr_sh1
_2nlr_sh2
_3RU\NLR\AUTH\66911348
686 1 _aХ911.3
702 1 _aНугаева
_bС. Ю.
_4220
712 0 2 _a"Юристы за конституционные права и свободы", автономная некоммерческая организация
_cМосква
_3RU\NLR\AUTH\8810064657
_4570
801 0 _aRU
_bRuMoRKP
_c20130610
_gRCR
801 1 _aRU
_bRuMoRKP
_c20130610
_2rusmarc
801 2 _aRU
_bРГБ
_c20130617
801 2 _aRU
_bNLR
_c20130704
_grcr
942 _cBOOK
980 _aNBR
980 _aNB